000 00605cab a2200205 4500
001 ABS38517
008 090401t1987 xxu||||| |||| 00| 0 eng d
035 _a(Sirsi) u11062
041 _aeng
100 _aCarline, G.D.
245 _aConcrete decay
260 _c1987
350 _a0
490 _aPortico
_vWinter 1987, 8-9(2
520 _aReview of concrete problems including those caused by high alumina cement , calcium chloride , carbonation and alkali silica reaction (ASR).
690 _aBUILT ENVIRONMENT-BUILDING PATHOLOGY
700 _aBeare, M.D.
942 _n0
948 _c04/03/1997
999 _c7053
_d7053